Nennen Sie alle Tiere die in den Tierparks und Zoos leben - Statistiken

Allgemein
  • Dieses Quiz wurde 248 mal gespielt
  • Das Durchschnittsergebnis liegt bei 33 aus 133
Antwortstatistiken
Tip Antwort % Korrekt
Tiger
80%
Affen
78%
Elefanten
78%
Löwen
76%
Giraffen
70%
V Vögel
67%
Zebras
67%
B Bären
65%
Nashörner
63%
Pinguine
63%
Schlangen
62%
Eisbären
59%
Nilpferde
56%
Pferde
55%
Ziegen
54%
Delfine
53%
Krokodile
53%
H Haie
52%
Jaguare
52%
E Erdmännchen
50%
Gorillas
50%
Kamele
50%
Wölfe
49%
Papageien
47%
Flamingos
46%
L Lamas
46%
Otter
46%
Pandas
46%
Kängurus
44%
S Schimpansen
43%
Hirsche
42%
Schaf
42%
Orang-Utans
41%
Braunbären
39%
Kühe
39%
Robben
38%
Schildkröten
38%
Eulen
37%
G Geparden
37%
Enten
35%
Luchse
35%
Alpakas
34%
Pumas
34%
Katzen
33%
Dromedare
32%
Hyänen
32%
Biber
30%
Bison
30%
Frösche
30%
Hühner
30%
Chamäleons
29%
Strauße
29%
Ameisenbären
28%
Faultiere
28%
Seelöwen
28%
Eidechsen
25%
Elche
25%
Gänse
25%
Falken
22%
Pfauen
22%
Waschbären
22%
Geier
21%
Leguane
21%
Hamster
20%
P Paviane
20%
Walrosse
19%
Emus
18%
Pelikane
18%
Stachelschweine
17%
Störche
17%
Tapire
17%
Kobras
16%
Schmetterlinge
16%
Stinktiere
15%
T Tauben
14%
Ochsen
13%
O Okapis
13%
Steinböcke
13%
F Flusspferde
11%
Stiere
11%
Seekühe
10%
Grizzlybären
9%
A Afrikanische Elefanten
8%
Karpfen
8%
Goldfische
8%
Fasane
7%
Hängebauchschweine
7%
Piranhas
7%
Asiatische Elefanten
6%
Kolibris
6%
Forellen
6%
Pythons
6%
R Reiher
6%
Gibbons
5%
Impalas
5%
M Makaken
5%
Spechte
4%
Eisvögel
3%
Meeresschildkröten
3%
W Wachteln
3%
Hauskatzen
2%
I Ibisse
2%
Klammeraffen
2%
Mandrills
2%
Mufflons
2%
N Nerze
2%
Perlhuhn
2%
Riesenschildkröten
2%
Turmfalken
2%
Kräne
1%
K Kormorane
1%
Löffler
1%
Alpensteinböcke
0%
C Caymans
0%
D Damhirsch
0%
Kampfhähne
0%
Edle Hirsche
0%
J Jagdhunde
0%
Kakatoes
0%
Maras
0%
Riesenpandas
0%
Riesige Tukane
0%
Stare
0%
Strahlen
0%
Wallabys
0%
Wasserschildkröten
0%
Watoessi-Rinder
0%
Zwergflusspferde
0%
Z Zwerggänse
0%
Zwergkaimane
0%
Keine übereinstimmenden Quizze gefunden
Verteilung der Resultate
Anzahl Personen mit jedem Resultat
Perzentil nach korrekt beantworteten Fragen
Ihre Resultats-Entwicklung
Sie haben dieses Quiz noch nicht gespielt